La Ley común de procedimiento administrativo : antecedentes, principios y aspectos generales de la Ley 30/1992, de 26 de noviembre / Marcos M. Fernando Pablo antecedentes, principios y aspectos generales de la Ley 30/1992, de 26 de noviembre / Marcos M. Fernando Pablo
ISBN:
84-7879-131-0
Descripción Física:
190 p. ; 24 cm
MARC
| LEADER | 00000nam a2200000Ia 4500 | ||
|---|---|---|---|
| 001 | 18450 | ||
| 008 | 160829s1993 xx 000 0 cat d | ||
| 020 | |a 84-7879-131-0 | ||
| 080 | |a D-3-141 | ||
| 100 | |a Fernando Pablo, Marcos |9 23309 | ||
| 245 | |a La Ley común de procedimiento administrativo : |b antecedentes, principios y aspectos generales de la Ley 30/1992, de 26 de noviembre / Marcos M. Fernando Pablo | ||
| 260 | |a Madrid : |b Colex, |c 1993 | ||
| 300 | |a 190 p. ; |c 24 cm | ||
| 590 | |a Bibliografia | ||
| 650 | 0 | |a Procediment administratiu |z Espanya |9 19587 | |
| 650 | |a Espanya. Ley de Régimen Jurídico de las Administraciones Públicas y del Procedimiento Administrativo Común (1992) | ||
| 901 | |a Arxiu | ||
| 942 | |n 1 | ||
| 952 | |0 1 |1 0 |2 udc |4 0 |5 2 |6 D3141 |7 1 |9 42659 |a Arxiu |b Arxiu |d 2016-12-01 |l 0 |o D-3-141 |p 18450 |r 2016-12-01 00:00:00 |w 2016-12-01 |y ARXIU | ||
| 999 | |c 45165 |d 45165 | ||